MARC

LEADER 00000nam0a2200000 4500
001 352746
005 20231102010528.0
035 |a (RuTPU)RU\TPU\retro\9512 
035 |a RU\TPU\book\375772 
090 |a 352746 
100 |a 20200204d1901 k y0engy50 ba 
101 0 |a eng 
102 |a US 
105 |a af z 000zy 
200 1 |a The Microscopical Examination of the Alloys of Copper and Tin  |e Being an Appendix to the Reports of the Alloys Research Committee  |f W. Campbell 
210 |a [S. l.]  |c [s. n.]  |d 1901 
215 |a 1211-1272 p.  |c il. 
541 1 |a Микроскопическое исследование сплавов меди и олова  |z eng  |e приложение к отчетам Комитета по исследованию сплавов 
606 1 |a Сплавы  |x Микроструктура  |2 stltpush  |3 (RuTPU)RU\TPU\subj\55939  |9 73891 
610 1 |a материалы 
610 1 |a металлы 
610 1 |a медь 
610 1 |a олово 
610 1 |a исследования 
610 1 |a свойства 
610 1 |a приборы 
610 1 |a состав 
610 1 |a точка замерзания 
610 1 |a диаграммы 
610 1 |a кривые 
610 1 |a плавкость 
610 1 |a кристаллизация 
610 1 |a английский язык 
675 |a 669:620.18  |v 4 
700 1 |a Campbell  |b W.  |g William 
801 1 |a RU  |b 63413507  |c 20200204 
801 2 |a RU  |b 63413507  |c 20200622  |g RCR 
942 |c BK